Celebrity or Star Wars Character? II Quiz Stats

 Plays Quiz Updated Jan 29, 2018

Score 0/20 Timer 02:00
2 Plays Today
Name (C)elebrity or (S)tar Wars % Correct
Boba Fett???
93%
Ringo Starr???
92%
Buzz Aldrin???
91.7%
Ben Solo???
87.8%
Gal Gadot???
87.7%
Poe Dameron???
85.5%
Lupita Nyong'o???
84.9%
Sheev Palpatine???
83.2%
Mon Mothma???
83.3%
Cassian Andor???
82.3%
Name (C)elebrity or (S)tar Wars % Correct
Dax Shepard???
79.3%
Soleil Moon Frye???
78.4%
Thelonious Monk???
77.2%
Garrison Keillor???
76.9%
Sio Bibble???
72.7%
Amilyn Holdo???
66.1%
Padma Lakshmi???
59.1%
Yaphet Kotto???
54.8%
Rose Tico???
54.2%
Garven Dreis???
51.3%

You're not logged in!

Compare scores with friends on all Sporcle quizzes.
OR
Log In

Sporcle TV

Today on Sporcle TV


Watch our educational content, quiz creation guides, and fun videos on Sporcle TV.

Show Comments

Extras

Top Quizzes Today


Score Distribution

Your Account Isn't Verified!

In order to create a playlist on Sporcle, you need to verify the email address you used during registration. Go to your Sporcle Settings to finish the process.

Report this User

Report this user for behavior that violates our Community Guidelines.

Details: